Best Books of All Time - Statistics

General Stats
  • This quiz has been taken 290 times
  • The average score is 19 of 100
Answer Stats
Rank Book/Series Author % Correct
15 The Harry Potter Series J. K. Rowling*
94%
3 The Lord of the Rings J. R. R. Tolkien*
91%
6 Pride and Prejudice Jane Austen
88%
17 To Kill a Mockingbird Harper Lee
80%
5 The Hobbit J. R. R. Tolkien
78%
20 The Great Gatsby F. Scott Fitzgerald
75%
56 Nineteen Eighty-Four George Orwell
69%
2 A Song of Ice and Fire Series George R. R. Martin*
68%
8 The Hunger Games Series Suzanne Collins*
67%
55 Wuthering Heights Emily Bronte
61%
97 The Catcher in the Rye J. D. Salinger
58%
33 Jane Eyre Charlotte Bronte
57%
24 The Kite Runner Khaled Hosseini
51%
59 Catch 22 Joesph Heller
46%
45 Angels & Demons Dan Brown
42%
49 Gone With the Wind Margaret Mitchell
41%
7 The Fault in Our Stars John Green
40%
4 Gone Girl Gillian Flynn
37%
57 The Hitchhiker's Guide to the Galaxy Douglas Adams
37%
13 The Book Thief Marcus Zusak
36%
27 The Life of Pi Yann Martel
36%
44 The Alchemist Paulo Coelho
33%
38 The Notebook Nicholas Sparks
33%
85 Dune Frank Herbert
30%
21 The Fifty Shades of Grey Trilogy E. L. James*
30%
1 The Millennium Series Stieg Larsson*
30%
68 Angela's Ashes Frank McCourt
28%
81 Atonement Ian McEwan
27%
71 Divergent Veronica Roth
27%
94 One Hundred Years of Solitude Gabriel Garcia Marquez
25%
12 The Pillars of the Earth Ken Follett
22%
14 My Sister's Keeper Jodi Picoult
20%
39 The Lovely Bones Alice Sebold
20%
86 Persuasion Jane Austen
19%
25 The Bible -
18%
16 Wolf Hall Hilary Mantel
18%
92 Ender's Game Orson Scott Card
17%
19 Inferno Dan Brown
17%
29 Me Before You Jojo Moyes
17%
18 The Time Traveller's Wife Audrey Niffenegger
16%
100 Tuesdays With Morrie Mitch Albom
16%
58 The Stand Stephen King
15%
31 A Thousand Splendid Suns Khaled Hosseini
14%
42 The Poisonwood Bible Barbara Kingsolver
14%
50 Birdsong Sebastian Faulks
11%
70 Captain Corelli’s Mandolin Louis de Bernieres
11%
34 The Earth’s Children Series Jean M. Auel*
10%
22 The Help Kathryn Stockett
10%
36 The Other Boleyn Girl Philippa Gregory
10%
91 City of Bones Cassandra Clare
9%
90 Perfume Patrick Suskind
9%
54 Room Emma Donoghue
9%
65 Eat, Pray, Love Elizabeth Gilbert
8%
43 Memoirs of a Geisha Arthur Golden
8%
63 We Need to Talk About Kevin Lionel Shriver
8%
62 The Name of the Wind Patrick Rothfuss
7%
76 The Night Circus Erin Morgenstern
7%
99 The Shadow of the Wind Carlos Ruiz Zafon
6%
89 Chocolat Joanne Harris
5%
78 One Day David Nicholls
5%
51 A Fine Balance Rohinton Mistry
4%
67 I Know This Much is True Wally Lamb
4%
23 The Power of One Bryce Courtenay
4%
74 A Short History of Nearly Everything Bill Bryson
3%
10 The Bronze Horseman Paullina Simons
3%
98 The Red Tent Anita Diamant
3%
64 Wild Swans Jung Chang
3%
9 Cross Stitch Diana Gabaldon
2%
35 Magician Raymond E. Feist
2%
48 Open Andre Agassi
2%
72 Rachel's Holiday Marian Keyes
2%
30 Shantaram Gregory David Roberts
2%
69 The Killing Floor Lee Child
2%
82 The No 1 Ladies’ Detective Agency Alexander McCall Smith
2%
52 The Pact Jodi Picoult
2%
11 The Rosie Project Graeme Simsion
2%
84 The Secret Rhonda Byrne
2%
53 Jessica Bryce Courtenay
1%
41 The Passage Justin Cronin
1%
77 The Potato Factory Bryce Courtenay
1%
32 The Storyteller Jodi Picoult
1%
26 The Tea Rose Jennifer Donnelly
1%
83 The Winter Rose Jennifer Donnelly
1%
73 Tully Paullina Simons
1%
93 World Without End Ken Follett
1%
88 61 Hours Lee Child
0%
61 April Fool's Day Bryce Courtenay
0%
47 Belle Lesley Pearse
0%
96 House Rules Jodi Picoult
0%
40 I'm Your Man Sylvie Simmonds
0%
37 Into the Wilderness Sara Donati
0%
66 Kane & Abel Jeffery Archer
0%
87 Lone Wolf Jodi Picoult
0%
75 Mao's Last Dancer Li Cunxin
0%
95 One Shot Lee Child
0%
60 River God Wilbur Smith
0%
79 The Girl in Times Square Paullina Simons
0%
46 The Guernsey Literary & Potato Peel Pie Society Mary Anne Shaffer & Annie Barrows
0%
80 The Memory Keeper's Daughter Kim Edwards
0%
28 The Spark Kristine Barnett
0%
No matching quizzes found
Score Distribution
Percent of People with Each Score
Percentile by Number Answered
Your Score History
You have not taken this quiz